01203 2200337 4500001002100000005001500021035002000036007000300056008004100059336002100100337002300121338003800144040002200182100002900204245013500233300003100368504002800399020001800427082001500445084001700460264004100477500006900518538007800587650002700665700002100692850001200713852002000725856007600745990002200821990002200843INLIS00000000086214820210826031151 a0010-0721000383ta210712s2012 yoia gs ind d 2rdacontentateks 2rdamediaakomputer 2rdacarrierasumber sambung jaring aYOPDYOGbinderda0 aBagoes Wuryandoepenulis10aJurus maut MLM anti-gagal :btips & trik memilih bisnis jaringan yang pas untuk anda /cpenulis, Bagoes Wuryando; penyunting, Giri a1 berkas komputer (4,6 MB) aBibliografi: halaman 93 a979-788-199-704223a658.87 a658.87 BAG j31aYogyakarta :bMedia Pressindo,c2012 aUntuk mengakses buku ini silakan unduh aplikasi http://ijogja.id aAndroid : versi 4.0 atau di atasnya, memori 1 GB, layar tampilan 4-inch 4aPemasaran--xManajemen0 aGiriepenyunting aYOPDYOG8 aaplikasi iJogja40nPerpustakaan Digital iJogjauhttp://ijogja.id /publications/books/12098 a000737-EPD/B.2016 a000738-EPD/B.2016